00787cam a22002174a 4500008004100000020002900041040001500070100001800085245016400103260003900267300004600306336002600352337002800378338002700406500001900433504004100452650003800493650002000531003000100551005001700552  a9781472456373 (Hardback) aNUSTcNUST1 aThiel, Monica10aThe social domain in CSR and sustainability :ba critical study of social responsibility among governments, local authorities and corporations /cMonica Thiel aSurrey :bGower Publishing,cc2015 axvii, 156 pages :billustrations ;c24 cm atextbtxt2rdacontent aunmediatedbn2rdamedia avolumebnc2rdacarrier aIncludes index aIncludes bibliographical references  0aSocial responsibility of Business 0aBusiness Ethics20230123141243.0